Clubs/pays victime des 54 buts de Cr7 en 2023 - Statistiques

Statistiques générales
  • Ce quiz a été pris 37 fois
  • Le résultat moyen est 5 sur 29
Statistiques - réponses
Pays Club % Correct
Arabie Saoudite Al Hilal 2
84%
France (amical) (Paris-Saint Germain) (2)
73%
Arabie Saoudite Al-Ittihad FC 2
38%
Arabie Saoudite Al Ahli SC 2
35%
Arabie Saoudite Al Shabab 4
27%
Europe (pays) Luxembourg 2
27%
Europe (pays) Slovaquie 2
27%
Maroc Raja Casablanca 1
24%
Arabie Saoudite Al-Ettifaq 1
22%
Arabie Saoudite Al-Taawoun 1
19%
Arabie Saoudite Al Fateh 4
16%
Europe (pays) Liechtenstein 3
16%
Arabie Saoudite Al Wehda Mecca 5
14%
Arabie Saoudite Al Riyadh 1
11%
Europe (pays) Bosnie-Herzégovine 2
11%
Arabie Saoudite Damac 4
11%
Europe (pays) Islande 1
11%
Qatar Al-Duhail 2
8%
Arabie Saoudite Al Khaleej Saihat 1
8%
Arabie Saoudite Al Adalah 2
5%
Arabie Saoudite Al Akhdoud 2
5%
Arabie Saoudite Al-Read Buraidah 2
5%
Irak Al Shorta 1
5%
Arabie Saoudite Al Taee Hail 2
5%
Tadjikistan Istiqlol Dushanbe 1
5%
Tunisie Monastir 1
5%
Arabie Saoudite Abah 1
3%
Arabie Saoudite Al Hazm Rass 1
3%
Egypte Zamalek 1
3%
Aucun quiz correspondant
Distribution des résultats
% des personnes avec chaque résultat
Percentile par nombre de réponses
Votre historique - résultats
Vous n’avez pas pris ce quiz